000 00608nam a2200205 i 4500
001 84296
003 ES-MaACL
005 20250926063050.0
007 t|
008 041122s1906 xxk ||||1| eng d
100 1 _aJames, William,
_d1842-1910
_965978
245 1 0 _aHuman inmortality
_b: two supposed objections to the doctrine /
_cWilliam James.
250 _a6th ed.
260 _aLondon :
_b[s.n.],
_c1906 (
_fButler and Tanner)
300 _a128 p. ;
_c15 cm.
650 0 4 _aInmortalidad
_913785
650 0 4 _aMente y cuerpo.
_914993
852 _aES-MaACL
_jG-11165
999 _c84296
_d84296